000 01039nam a22002657a 4500
005 20240530110616.0
008 161128s2015 ua ak g b 000 0 ara d
017 _a20604
_bمصر . دار الكتب المصرية
020 _a9789774102102
040 _aEG-CaGPL
082 0 4 _221
_a337\
_bر أ
100 0 _aرضا عبد السلام
245 1 2 _aالازمة :
_bازمة مالية ام ازمة رأسمالية /
_cرضا عبد السلام
250 _aط. 1
260 _aالمنصورة :
_bالمكتبة العصرية للنشر والتوزيع ،
_c2015.
300 _a217 ص. :
_bجداول ، اشكال ؛
_c24 سم.
504 _aببليوجرافية : ص 208 - 215
650 0 7 _2qrmak
_aالازمات الاقتصادية
650 0 7 _2qrmak
_aالاقتصاد الدولي
650 0 7 _2qrmak
_aالرأسمالية
650 0 7 _2qrmak
_aالتجارة الخارجية
653 0 4 _aمنظمة التجارة العالمية
942 _2ddc
_cBK
999 _c62968
_d62968